| 000 | 00647nam a22002177a 4500 | ||
|---|---|---|---|
| 003 | OSt | ||
| 005 | 20140310181918.0 | ||
| 008 | 130717t xxu||||| |||| 00| 0 eng d | ||
| 020 | _a0822466007 | ||
| 050 |
_aLB 1027 _b.R321 1970 |
||
| 082 |
_aTR 371.1 _bRe25 1970 |
||
| 100 |
_aRedwine, Mary Frances _91283 |
||
| 245 |
_aSubstitute teacher's handbook : _bactivities for kindergarten through grade six / _cMary Frances Redwine |
||
| 260 |
_aIllinois : _bFearon Teachers Aids, _cc1970. |
||
| 300 |
_a44 p. : _c18 cm. |
||
| 521 | _aFaculty | ||
| 541 | _j1 | ||
| 562 | _e1 | ||
| 650 |
_aActivity _xbook _91284 |
||
| 942 |
_2lcc _cBK-TR _kTR |
||
| 999 |
_c6860 _d6860 |
||